000 00379nam a22001217a 4500
999 _c798
_d798
005 20200818110051.0
008 200818b ||||| |||| 00| 0 eng d
020 _a0043410057
040 _cCML
245 _aA Modern Introduction to International Law.
_cAkehurst, M.
260 _aLondon
_bGeorge Allen and Unwin Ltd
_c1970
942 _2ddc
_cBK
_e1st Edition
_h341
_mAKE